Nuôi dưỡng tâm hồn mở rộng kinh doanh

Zapisane w:
Opis bibliograficzny
1. autor: Inamori, Kazuo
Kolejni autorzy: Đào Thị Hồ Phương ((dịch))
Format: Książka
Wydane: Hà Nội Lao động xã hội. Cty sách Thái Hà 2016
Wydanie:Tái bản lần thứ 2
Hasła przedmiotowe:
Etykiety: Dodaj etykietę
Nie ma etykietki, Dołącz pierwszą etykiete!
Thư viện lưu trữ: Trung tâm Học liệu Lê Vũ Hùng, Trường Đại học Đồng Tháp
LEADER 00861pam a22002418a 4500
001 00040459
005 20171129141156.0
008 170523s2016 ||||||Viesd
020 # # |c 44000  |a 978 604 65 1783 2 
041 0 # |a Vie 
082 1 4 |a 658  |b N515D 
100 1 # |a Inamori, Kazuo 
245 1 0 |a Nuôi dưỡng tâm hồn mở rộng kinh doanh  |c Inamori Kazuo; Đào Thị Hồ Phương (dịch) 
250 # # |a Tái bản lần thứ 2 
260 # # |c 2016  |a Hà Nội  |b Lao động xã hội. Cty sách Thái Hà 
300 # # |a 160 tr.  |c 21 cm. 
653 # # |a Bí quyết thành công 
653 # # |a Kinh doanh 
653 # # |a Quản lí 
700 1 # |a Đào Thị Hồ Phương  |e (dịch) 
852 # # |j KD.0022559 
910 |d 29/11/2017 
980 # # |a Trung tâm Học liệu Lê Vũ Hùng, Trường Đại học Đồng Tháp